000 00301nam a2200109Ia 4500
008 200302s9999 xx 000 0 und d
100 _aCristina Paredes Benitez
245 _aInteriors the Most Innovative Projects of the year Architecture
260 _bLoft Publication
260 _c2007
300 _a255
999 _c3381
_d3381